Marketing Fundamentals - Random Test Questions - Statistics

General Stats
  • This quiz has been taken 28 times
    27 since last reset
  • The average score is 2 of 5
Answer Stats
Question Answer % Correct
Which macroenvironmental elements have been impacted by smartphones? All of them
100%
Company X recently adjusted pricing, redesigned packaging, expanded to online channels, and launched influencer marketing. These coordinated decisions best represent which fundamental marketing concept? Marketing Mix
100%
Which factor can marketing most influence during the buying process? Psychological
100%
Which statement best describes marketing? The process of understanding, creating, and delivering customer value
100%
A luxury car brand has extensive data but struggles to understand what drives consumer choices. Which aspect remains most challenging? Understanding the emotional factors driving consumer choices
100%
A product generates cash flow, requires minimal reinvestment, and holds high market share in a mature, slow-growing industry. What is the product class in the BCG Matrix? Cash Cows
80%
Why is building a customer 360 essential for organizations? It ensures a single view of customer interactions across functions
75%
In an era of consumer diversity, which strategic approach allows companies to efficiently address varied preferences while maintaining viability? Target market segmentation
75%
Which of the following best describes the role of Marketing Technology in modern organizations? A way to collect and activate customer data for better engagement
71%
Why is AI & automation seen as critical for customer engagement? They make personalization at scale possible
60%
Which of the following statements best explains why idea screening may be the most important step of new product development? It saves the company money in product development costs by going ahead with only the product ideas that are likely to be profitable
40%
Swatch’s main consumer insight for their product launch was that... Watches did not have to be positioned as jewellery
33%
Harley-Davidson faces a risk launching electric motorcycles appealing to new riders but alienating core customers. This illustrates a tension between which two marketing concepts? Brand positioning and brand extension
20%
Volvo’s association with safety and family across generations best represents which marketing concept? Brand positioning
0%
Which fundamental shift in consumer behavior did HubSpot identify that challenged the conventional wisdom of interruption-based marketing? Buyers preferred self-directed research over sales-driven interactions
0%
Planters saw market share drop despite heritage and awareness. Which fundamental market challenge did they face? Category growth was growing without Planter’s participation
0%
When implementing the societal marketing concept, companies must carefully weigh three key considerations. What are they? Consumer desires, company profits, and community wellbeing
0%
The new marketing mantra is: treat different customers _____ Differently
0%
A company collects massive e-commerce, retail, and social data but struggles to convert it into actionable insights. Which system is designed to help transform data into customer and market insights? Market Information System
0%
Based on HubSpot case, have the rules of marketing changed? No
0%
Which aspects of New Product Development is the most expensive? Product development
0%
— occurs when a company lengthens the product line beyond its current range. Product line stretching
0%
When Airbnb first launched, convincing people to stay in a stranger’s home illustrated which service characteristic? Service intangibility
0%
No matching quizzes found
Score Distribution
Percent of People with Each Score
Percentile by Number Answered
Your Score History
You have not taken this quiz since the last reset